Tesis aisladas y de jurisprudencia emitidas en materia de lavado de dinero

Bibliographic Details
Main Author: Gluyas Millǹ, Ricardo
Format: eBook
Language:Spanish
Published: Ciudad de Mx̌ico: Instituto Nacional de las Ciencias Penales, 2018
Subjects:
Online Access:Acceso restringido

MARC

LEADER 00000nam a22000007a 4500
005 20181117155456.0
007 cr|||| ||||
008 181117s2018 mx |||||s|||| 00||0 spa d
020 |a 978-607-8551-58-3 
035 |a 22460 
040 |a vLex 
090 |c 8316  |d 8316 
100 1 |a Gluyas Millǹ, Ricardo 
245 1 0 |a Tesis aisladas y de jurisprudencia emitidas en materia de lavado de dinero  |h [Recurso electrn̤ico] /  |c Ricardo Gluyas Millǹ 
256 |a Servicio en ln̕ea 
260 |a Ciudad de Mx̌ico:  |b Instituto Nacional de las Ciencias Penales,  |c 2018 
300 |a 1 recurso electrn̤ico 
506 1 |a Disponible solo en los productos indicados  |d vLex Global  |d vLex Global (Academic Edition, excluding Law Schools)  |d vLex Global (U.S. Academic Edition, Law Schools)  |d vLex Global (U.S. Academic Edition, excluding Law Schools)  |d vLex Global (Academic Edition, Law Schools) 
650 0 4 |a Derecho Penal  |z Mx̌ico 
740 0 |a vLex Libros (Servicio en ln̕ea) 
856 4 0 |u http://vlex.com/source/tesis-aisladas-jurisprudencia-materia-lavado-dinero-22460  |z Acceso restringido 
942 |c BOOK 
999 0 |a Criminal law